Southville International School and Colleges
Your cart is empty.
  • Cart
  • Lists
    Public lists Eva Luna New books Lux_list list_1
    Your lists Log in to create your own lists
  • Log in to your account
  • Your cookies
  • Search history
Southville International School and Colleges
  • Advanced search
  • Recent comments
  • Most popular
  • Libraries

Log in to your account

Log in with GOOGLE


If you do not have an external account, but do have a local account, you can still log in:

  1. Home
  2. MARC view: Macromedia Dreamweaver MX 2004 :
Normal view MARC view ISBD view

Macromedia Dreamweaver MX 2004 : (Record no. 300904)

[ view plain ]
MARC details
000 -LEADER
fixed length control field 00708nam a2200253Ia 4500
008 - FIXED-LENGTH DATA ELEMENTS--GENERAL INFORMATION
fixed length control field 160901s9999 xx 000 0 und d
020 ## - INTERNATIONAL STANDARD BOOK NUMBER
International Standard Book Number 1-59200-121-1
050 ## - LIBRARY OF CONGRESS CALL NUMBER
Classification number ComSc TK 5105.8885
050 ## - LIBRARY OF CONGRESS CALL NUMBER
Item number .D74B35 2004 c.1
100 ## - MAIN ENTRY--PERSONAL NAME
Personal name Bakharia, Aneesha.
245 ## - TITLE STATEMENT
Title Macromedia Dreamweaver MX 2004 :
245 ## - TITLE STATEMENT
Remainder of title fast and easy web development /
245 ## - TITLE STATEMENT
Statement of responsibility, etc Aneesha Bakharia.
260 ## - PUBLICATION, DISTRIBUTION, ETC. (IMPRINT)
Place of publication, distribution, etc USA :
260 ## - PUBLICATION, DISTRIBUTION, ETC. (IMPRINT)
Name of publisher, distributor, etc Premier Press.,
260 ## - PUBLICATION, DISTRIBUTION, ETC. (IMPRINT)
Date of publication, distribution, etc 2004
300 ## - PHYSICAL DESCRIPTION
Extent 158 pages :
300 ## - PHYSICAL DESCRIPTION
Other physical details ill. ;
300 ## - PHYSICAL DESCRIPTION
Dimensions 23 cm.
500 ## - GENERAL NOTE
General note Includes index.
650 ## - SUBJECT ADDED ENTRY--TOPICAL TERM
Topical term or geographic name as entry element Dreamweaver (Computer file).
650 ## - SUBJECT ADDED ENTRY--TOPICAL TERM
Topical term or geographic name as entry element Web sites -- Authoring programs.
650 ## - SUBJECT ADDED ENTRY--TOPICAL TERM
General subdivision Web site development -- Computer programs.
Holdings
Withdrawn status Lost status Damaged status Home library Current library Shelving location Date acquired Cost, normal purchase price Total Checkouts Full call number Barcode Date last seen Price effective from Koha item type
      South Mansfield College South Mansfield College   03/07/2005 634.00   ComSc TK 5105.8885 .D74B35 2004 c.1 SMC01834 09/01/2016 09/01/2016  

Macromedia Dreamweaver MX 2004 :

APA

Bakharia A., .Macromedia Dreamweaver MX 2004. USA: .

Chicago

Bakharia Aneesha, .Macromedia Dreamweaver MX 2004. USA: .

Harvard

Bakharia A., .Macromedia Dreamweaver MX 2004. USA: .

MLA

Bakharia Aneesha, .USA: . .

  • Place hold
  • Print
  • Cite
  • Add to your cart (remove)
  • Save record
    BIBTEX Dublin Core MARCXML MARC (non-Unicode/MARC-8) MARC (Unicode/UTF-8) MARC (Unicode/UTF-8, Standard) MODS (XML) RIS
  • More searches
    Search for this title in:
    Other Libraries (WorldCat) Other Databases (Google Scholar) Online Stores (Bookfinder.com) Open Library (openlibrary.org)

Exporting to Dublin Core...

SOUTHVILLE LIBRARY

Southville International School and Colleges Library

1281 Tropical Ave. Cor. Luxembourg St., BF Homes International, Las Pinas City

Tel. No. 8256374 / 252358 Loc. 117/146

Powered by Koha